[Event "Metz op 15th"]
[Site "Metz"]
[Date "1997.??.??"]
[Round "7"]
[White "Jung, Karl Otto"]
[Black "Lefhaili, David"]
[Result "1-0"]
[WhiteElo "2190"]
[BlackElo "1970"]
[PlyCount "115"]
[EventDate "1997.04.??"]
[EventType "swiss"]
[EventRounds "9"]
[EventCountry "FRA"]
[SourceTitle "EXT 1999"]
[Source "ChessBase"]
[SourceDate "1998.11.16"]
[SourceVersion "1"]
[SourceVersionDate "1998.11.16"]
[SourceQuality "1"]

1. d4 g6 2. e4 Bg7 3. c3 d6 4. Bg5 Nf6 5. Bd3 c5 6. Nf3 0-0 7. 0-0 h6 8. Bh4 Qc7 9. Na3 a6 10. Nc4 Bg4 11. Ne3 Bxf3 12. Qxf3 Nbd7 13. Rac1 b5 14. Bb1 Rfe8 15. Qe2 e5 16. dxc5 dxc5 17. Rfd1 Nb6 18. b3 Rad8 19. c4 Rxd1+ 20. Rxd1 b4 21. Qd2 Nc8 22. f3 Kh7 23. Kf2 Qc6 24. Bxf6 Bxf6 25. Qd7 Qe6 26. Nd5 Bd8 27. Qxe6 Rxe6 28. Nxb4 Ba5 29. Nd5 Kg7 30. a3 Rd6 31. Ke2 Nb6 32. Bd3 Nxd5 33. cxd5 Bc3 34. Rc1 Bb2 35. Rxc5 Bxa3 36. Ra5 Bb4 37. Rxa6 Rxa6 38. Bxa6 Kf6 39. Kd3 Ke7 40. Kc4 Ba3 41. b4 Kd6 42. Bb5 g5 43. Be8 f6 44. Kb5 Bb2 45. Ka6 Kc7 46. b5 Ba3 47. b6+ Kb8 48. Kb5 Kb7 49. Bc6+ Kb8 50. Ka6 Bc5 51. Bd7 Be3 52. Be6 Bc1 53. d6 Ba3 54. d7 Be7 55. Bd5 h5 56. Kb5 Bd8 57. Kc5 Be7+ 58. Kc6 1-0

[Event "Metz op 15th"]
[Site "Metz"]
[Date "1997.??.??"]
[Round "9"]
[White "Lefhaili, David"]
[Black "Karp, Serge"]
[Result "1/2-1/2"]
[WhiteElo "1970"]
[BlackElo "2145"]
[PlyCount "51"]
[EventDate "1997.04.??"]
[EventType "swiss"]
[EventRounds "9"]
[EventCountry "FRA"]
[SourceTitle "EXT 1999"]
[Source "ChessBase"]
[SourceDate "1998.11.16"]
[SourceVersion "1"]
[SourceVersionDate "1998.11.16"]
[SourceQuality "1"]

1. d4 d5 2. c4 dxc4 3. Nf3 Nf6 4. Nc3 a6 5. Qa4+ b5 6. Qc2 Bb7 7. e3 e6 8. Be2 Nbd7 9. 0-0 Bb4 10. Bd2 0-0 11. Rad1 Qe7 12. a3 Ba5 13. Bc1 c5 14. Ne5 Nxe5 15. dxe5 Nd7 16. f4 Bxc3 17. bxc3 f6 18. Rd6 fxe5 19. Rfd1 Nf6 20. fxe5 Nd5 21. e4 Nf4 22. Bxf4 Rxf4 23. Rd7 Bxe4 24. Qxe4 Rxe4 25. Rxe7 Rxe2 26. Rdd7 1/2-1/2